[Event "LLO18/19"]
[Site "Mecklenburg-Vorpommern"]
[Date "2019.02.24"]
[Round "6.6"]
[White "Jasinski, Viktor"]
[Black "Boettner, Oliver"]
[Result "1-0"]
[WhiteElo "1474"]
[BlackElo "1504"]
[PlyCount "101"]
[EventDate "2018.??.??"]
[EventType "team-tourn"]
[EventRounds "9"]
[EventCountry "GER"]
[WhiteTeam "Motor Wolgast"]
[BlackTeam "FHSG Stralsund II"]
[WhiteTeamCountry "GER"]
[BlackTeamCountry "GER"]

1. d4 d6 2. Nf3 Nf6 3. c4 g6 4. Nc3 Bg7 5. e4 Bg4 6. Be2 Nc6 7. Be3 O-O 8. O-O
Bxf3 9. Bxf3 e5 10. d5 Ne7 11. Rc1 Nd7 12. g3 f5 13. Bg5 Bf6 14. Bh6 Rf7 15.
Bg2 Kh8 16. Qd2 g5 17. Bxg5 Bxg5 18. Qxg5 f4 19. Qg4 Ng6 20. b4 Nf6 21. Qd1 Qd7
22. Bf3 Rg8 23. Kh1 Rfg7 24. Qe2 h5 25. Rg1 h4 26. g4 h3 27. g5 Nh7 28. Bg4 Qe7
29. Be6 Rf8 30. Qh5 f3 31. Bf5 Nf4 32. Qxf3 Rxg5 33. Ne2 Nxe2 34. Qxe2 Rfg8 35.
Rg3 Rxg3 36. fxg3 Qg5 37. Rd1 Qh6 38. Qd2 Qh5 39. Rf1 Nf6 40. Qd1 Qh6 41. c5
Qe3 42. Qf3 Qd4 43. Bxh3 Qxe4 44. Qxe4 Nxe4 45. Rf7 Ng5 46. Rxc7 Nxh3 47. Rxb7
dxc5 48. bxc5 Rd8 49. c6 Rc8 50. c7 Kg7 51. d6 1-0

[Event "LLO18/19"]
[Site "Mecklenburg-Vorpommern"]
[Date "2019.02.24"]
[Round "6.7"]
[White "Isigkeit, Hans Juergen"]
[Black "Sass, Ralf"]
[Result "1-0"]
[WhiteElo "1560"]
[BlackElo "1464"]
[PlyCount "50"]
[EventDate "2018.??.??"]
[EventType "team-tourn"]
[EventRounds "9"]
[EventCountry "GER"]
[WhiteTeam "FHSG Stralsund II"]
[BlackTeam "Motor Wolgast"]
[WhiteTeamCountry "GER"]
[BlackTeamCountry "GER"]

1. d4 d5 2. c4 e6 3. Nf3 Nf6 4. e3 c5 5. Nc3 cxd4 6. exd4 Nc6 7. Bg5 Be7 8.
cxd5 Nxd5 9. Bxe7 Ndxe7 10. Bb5 O-O 11. O-O Qb6 12. Bxc6 Qxc6 13. Qd3 b6 14.
Ne5 Qe8 15. Ne4 f6 16. Nf3 Nf5 17. Rae1 Qa4 18. Nc3 Ba6 19. Qxf5 exf5 20. Nxa4
Bxf1 21. Kxf1 Rfd8 22. Ke2 Rd7 23. Nc3 Rc8 24. Kd2 g5 25. Ne2 Rcd8 {Partie
nicht zu Ende spielbar} 1-0

[Event "LLO18/19"]
[Site "Mecklenburg-Vorpommern"]
[Date "2019.02.24"]
[Round "6.8"]
[White "Block, Gerold"]
[Black "Leddin, Mathias"]
[Result "1/2-1/2"]
[WhiteElo "1430"]
[BlackElo "1476"]
[PlyCount "54"]
[EventDate "2018.??.??"]
[EventType "team-tourn"]
[EventRounds "9"]
[EventCountry "GER"]
[WhiteTeam "Motor Wolgast"]
[BlackTeam "FHSG Stralsund II"]
[WhiteTeamCountry "GER"]
[BlackTeamCountry "GER"]

1. d4 Nf6 2. c4 e6 3. Nc3 d5 4. Bg5 Be7 5. e3 O-O 6. Nf3 Nbd7 7. Bd3 b6 8. O-O
Bb7 9. a3 c5 10. Re1 Ne4 11. Bxe7 Qxe7 12. Qc2 f5 13. Rab1 Rac8 14. Nd2 Qg5 15.
f3 cxd4 16. fxe4 dxc3 17. Nf3 Qg4 18. exd5 exd5 19. Be2 dxc4 20. Qxc3 Rfe8 21.
Rf1 Ne5 22. Rf2 Nxf3+ 23. Bxf3 Bxf3 24. Rxf3 Qe4 25. Re1 g6 26. Rf4 Qd5 27. Rd4
Qf7 1/2-1/2

[Event "LLO18/19"]
[Site "Mecklenburg-Vorpommern"]
[Date "2019.02.24"]
[Round "6.2"]
[White "Markovych, Illya"]
[Black "Wiese, Frank"]
[Result "1-0"]
[WhiteElo "1899"]
[BlackElo "1899"]
[PlyCount "69"]
[EventDate "2018.??.??"]
[EventType "team-tourn"]
[EventRounds "9"]
[EventCountry "GER"]
[WhiteTeam "Makkabi Rostock"]
[BlackTeam "Waterkant Saal"]
[WhiteTeamCountry "GER"]
[BlackTeamCountry "GER"]

1. e4 c6 2. d4 d5 3. e5 Bf5 4. Nc3 Qb6 5. Na4 Qc7 6. b4 e6 7. Bd2 b6 8. f4 Nh6
9. Nf3 Bg4 10. h3 Bxf3 11. Qxf3 Nf5 12. Qf2 Be7 13. g3 Nd7 14. Bd3 g6 15. O-O
h5 16. Rfc1 h4 17. g4 Ng3 18. Qf3 O-O 19. c4 dxc4 20. Bxc4 c5 21. bxc5 bxc5 22.
Bb3 Rac8 23. d5 exd5 24. Bxd5 Nb6 25. Nxb6 axb6 26. Qd3 Kg7 27. f5 gxf5 28.
gxf5 f6 29. Rc4 Rh8 30. Rg4+ Kf8 31. Bh6+ Ke8 32. Bg7 Qxe5 33. Rd1 c4 34. Bxc4
Bc5+ 35. Kg2 1-0

[Event "LLO18/19"]
[Site "Mecklenburg-Vorpommern"]
[Date "2019.02.24"]
[Round "6.3"]
[White "Onasch, Gunnar"]
[Black "Reznik, Leonid"]
[Result "1-0"]
[WhiteElo "1802"]
[BlackElo "1879"]
[PlyCount "91"]
[EventDate "2018.??.??"]
[EventType "team-tourn"]
[EventRounds "9"]
[EventCountry "GER"]
[WhiteTeam "Waterkant Saal"]
[BlackTeam "Makkabi Rostock"]
[WhiteTeamCountry "GER"]
[BlackTeamCountry "GER"]

1. d4 d5 2. c4 c6 3. Nf3 Nf6 4. Nc3 a6 5. Qc2 b5 6. b3 e6 7. e3 Bd6 8. Bd3 O-O
9. O-O b4 10. Ne2 Nbd7 11. Bb2 Re8 12. a3 bxa3 13. Bxa3 Bxa3 14. Rxa3 Qe7 15.
Rfa1 e5 16. dxe5 Nxe5 17. Nxe5 Qxe5 18. Nd4 Qd6 19. c5 Qc7 20. Bxa6 Ne4 21.
Bxc8 Rxa3 22. Rxa3 Rxc8 23. Qa2 Nxc5 24. Ra7 Qd8 25. Qa3 Ne4 26. Qa6 Qe8 27.
Re7 Qf8 28. Ra7 Qe8 29. Nf5 Rb8 30. Qa1 Qf8 31. Ne7+ Kh8 32. Nxc6 Rc8 33. Ne5
f6 34. Nd7 Qd8 35. f3 Nc5 36. Nxc5 Rxc5 37. Qa3 Rc8 38. Qa1 h6 39. b4 Qb6 40.
Qd4 Rc1+ 41. Kf2 Qe6 42. Ra8+ Kh7 43. Qd3+ f5 44. g4 g6 45. Ra7+ Kg8 46. Qd4
1-0

[Event "LLO18/19"]
[Site "Mecklenburg-Vorpommern"]
[Date "2019.02.24"]
[Round "6.4"]
[White "Petrow, Jonas"]
[Black "Richter, Frank"]
[Result "1-0"]
[WhiteElo "1611"]
[BlackElo "1754"]
[PlyCount "87"]
[EventDate "2018.??.??"]
[EventType "team-tourn"]
[EventRounds "9"]
[EventCountry "GER"]
[WhiteTeam "Makkabi Rostock"]
[BlackTeam "Waterkant Saal"]
[WhiteTeamCountry "GER"]
[BlackTeamCountry "GER"]

1. d4 Nf6 2. c4 e6 3. Nf3 b6 4. g3 Bb7 5. Bg2 Bb4+ 6. Bd2 Bxd2+ 7. Qxd2 d5 8.
cxd5 exd5 9. O-O O-O 10. Nc3 Nbd7 11. Rac1 c6 12. Na4 Ne4 13. Qd3 Qe7 14. a3
Rfe8 15. e3 Nd6 16. Nd2 h5 17. Nc3 a5 18. Rfe1 f5 19. h4 g5 20. hxg5 Qxg5 21.
Nf3 Qg4 22. Nh4 Rf8 23. Qd1 Qxd1 24. Rexd1 Nf6 25. Na4 Nc4 26. b3 Nxa3 27. Nxb6
Rae8 28. Ng6 Rf7 29. Ra1 Rg7 30. Nf4 Nc2 31. Rxa5 Nxe3 32. fxe3 Rxe3 33. Rd3
Rexg3 34. Rxg3 Rxg3 35. Ra7 Ba6 36. Rxa6 Rxb3 37. Nc8 Ng4 38. Rxc6 Rb1+ 39. Bf1
Ne3 40. Kf2 Nxf1 41. Ne7+ Kf7 42. Nexd5 Nd2 43. Rc7+ Ke8 44. Nf6+ 1-0

[Event "LLO18/19"]
[Site "Mecklenburg-Vorpommern"]
[Date "2019.02.24"]
[Round "6.5"]
[White "Nickel, Reimo"]
[Black "Roeste, Stein"]
[Result "1-0"]
[WhiteElo "1710"]
[BlackElo "1538"]
[PlyCount "71"]
[EventDate "2018.??.??"]
[EventType "team-tourn"]
[EventRounds "9"]
[EventCountry "GER"]
[WhiteTeam "Waterkant Saal"]
[BlackTeam "Makkabi Rostock"]
[WhiteTeamCountry "GER"]
[BlackTeamCountry "GER"]

1. d4 d5 2. c4 c6 3. Nf3 Nf6 4. Nc3 e6 5. Bg5 Be7 6. e3 Nbd7 7. Bd3 a6 8. O-O
b5 9. cxd5 cxd5 10. Rc1 O-O 11. Ne2 Ne8 12. Bf4 Qa5 13. Qc2 g6 14. Qc6 Nb6 15.
Bc7 Nxc7 16. Qxc7 Bd7 17. a3 Rac8 18. Qg3 Nc4 19. Rc2 Bf6 20. Qf4 Bg7 21. Rfc1
f6 22. h4 e5 23. Qg3 e4 24. Bxc4 bxc4 25. Nh2 Ba4 26. Rc3 Rb8 27. Qd6 Rb6 28.
Qc7 Rf7 29. Qc8+ Bf8 30. Nf4 Rxb2 31. Qe6 Rb5 32. Ng4 Kg7 33. h5 g5 34. h6+ Kh8
35. Qxf7 Qd8 36. Nxf6 1-0

[Event "LLO18/19"]
[Site "Mecklenburg-Vorpommern"]
[Date "2019.02.24"]
[Round "6.6"]
[White "Elsken Sicard, Fabian"]
[Black "Ehmann, Roland"]
[Result "0-1"]
[WhiteElo "1511"]
[BlackElo "1632"]
[PlyCount "86"]
[EventDate "2018.??.??"]
[EventType "team-tourn"]
[EventRounds "9"]
[EventCountry "GER"]
[WhiteTeam "Makkabi Rostock"]
[BlackTeam "Waterkant Saal"]
[WhiteTeamCountry "GER"]
[BlackTeamCountry "GER"]

1. c4 e5 2. Nc3 Bc5 3. e3 Nc6 4. a3 a6 5. b4 Ba7 6. Bb2 d6 7. Qc2 Nf6 8. Nf3
O-O 9. Bd3 h6 10. h3 Be6 11. g4 Nd7 12. g5 hxg5 13. O-O-O f5 14. Rdg1 e4 15.
Bxe4 fxe4 16. Qxe4 Nce5 17. Nxg5 Nf6 18. Qg2 Nd3+ 19. Kc2 Bxc4 20. Nh7 Rf7 21.
Nxf6+ Qxf6 22. Ba1 Ne5 23. f4 Bd3+ 24. Kd1 Nc6 25. Qd5 Qf5 26. Qa2 Kh7 27. Rg5
Qd7 28. Qd5 Bf5 29. Qf3 Qe6 30. e4 Qb3+ 31. Ke1 Re8 32. Qh5+ Kg8 33. Rxf5 Rfe7
34. Rg5 Rxe4+ 35. Nxe4 Qb1+ 36. Ke2 Rxe4+ 37. Kf3 Qxh1+ 38. Rg2 Qd1+ 39. Kxe4
Qxh5 40. Rxg7+ Kf8 41. Rxc7 d5+ 42. Kd3 Qf5+ 43. Ke2 Qxf4 0-1

[Event "LLO18/19"]
[Site "Mecklenburg-Vorpommern"]
[Date "2019.02.24"]
[Round "6.7"]
[White "Nickel, Udo"]
[Black "Tovmasyan, Minas"]
[Result "1/2-1/2"]
[WhiteElo "1604"]
[BlackElo "1518"]
[PlyCount "73"]
[EventDate "2018.??.??"]
[EventType "team-tourn"]
[EventRounds "9"]
[EventCountry "GER"]
[WhiteTeam "Waterkant Saal"]
[BlackTeam "Makkabi Rostock"]
[WhiteTeamCountry "GER"]
[BlackTeamCountry "GER"]

1. d4 d5 2. c4 c6 3. Nc3 Nf6 4. e3 a6 5. a4 Qc7 6. Nf3 Bg4 7. h3 Bh5 8. Bd3 e6
9. O-O Be7 10. Re1 O-O 11. a5 dxc4 12. Bxc4 Rd8 13. Qb3 Nbd7 14. Be2 c5 15. Bd2
Rac8 16. Rac1 cxd4 17. Nd5 Qd6 18. Nxe7+ Qxe7 19. Rxc8 Rxc8 20. Qxb7 Rb8 21.
Qxa6 Rxb2 22. Bc1 Ra2 23. Qc8+ Qf8 24. Qxf8+ Kxf8 25. a6 Nc5 26. Nxd4 Bxe2 27.
Rxe2 Rxe2 28. Nxe2 Nxa6 29. Ba3+ Ke8 30. Nd4 Kd7 31. f3 Nd5 32. Kf2 Nac7 33. g4
Ne8 34. e4 Ne7 35. Ke3 Ng6 36. Bb4 Nd6 37. Bxd6 1/2-1/2

[Event "LLO18/19"]
[Site "Mecklenburg-Vorpommern"]
[Date "2019.02.24"]
[Round "6.8"]
[White "Roeste, Hugo"]
[Black "Hiltner, Harald"]
[Result "0-1"]
[WhiteElo "1439"]
[BlackElo "1495"]
[PlyCount "70"]
[EventDate "2018.??.??"]
[EventType "team-tourn"]
[EventRounds "9"]
[EventCountry "GER"]
[WhiteTeam "Makkabi Rostock"]
[BlackTeam "Waterkant Saal"]
[WhiteTeamCountry "GER"]
[BlackTeamCountry "GER"]

1. d4 g6 2. c4 Bg7 3. Nc3 e6 4. e4 d6 5. f3 Ne7 6. Be3 Nd7 7. Qc2 O-O 8. g4 b6
9. Qd2 f5 10. d5 fxg4 11. fxg4 Nc5 12. Bxc5 bxc5 13. g5 Be5 14. Nge2 exd5 15.
Nxd5 Nc6 16. O-O-O Rb8 17. b3 Bg4 18. Re1 Nb4 19. Nxb4 cxb4 20. Qd5+ Kh8 21.
Rg1 Qd7 22. h4 c6 23. Qd3 Bxe2 24. Bxe2 c5 25. Bg4 Qe7 26. Ref1 Kg7 27. Kb1 Bd4
28. Rh1 Rbe8 29. Bf3 Rf4 30. Bg2 Ref8 31. Qg3 Qe5 32. Qd3 Rf2 33. Bf3 R8xf3 34.
Qxf3 Rxf3 35. Rxf3 Qxe4+ 0-1

[Event "LLO18/19"]
[Site "Mecklenburg-Vorpommern"]
[Date "2019.02.24"]
[Round "6.1"]
[White "Ertel, Wolfhard"]
[Black "Morejko, Wojciech"]
[Result "1/2-1/2"]
[WhiteElo "1820"]
[BlackElo "1737"]
[PlyCount "71"]
[EventDate "2018.??.??"]
[EventType "team-tourn"]
[EventRounds "9"]
[EventCountry "GER"]
[WhiteTeam "Seehotel Binz"]
[BlackTeam "Ribnitz-Damgarten"]
[WhiteTeamCountry "GER"]
[BlackTeamCountry "GER"]

1. Nf3 d5 2. g3 Nf6 3. Bg2 e6 4. O-O Be7 5. d3 c5 6. Nbd2 Nc6 7. e4 dxe4 8.
dxe4 e5 9. Re1 O-O 10. c3 Qc7 11. Nf1 Rd8 12. Qc2 Bg4 13. Bg5 Rac8 14. Bxf6
Bxf6 15. Ne3 Be6 16. h4 Rd7 17. Bf1 g6 18. Bc4 Bxc4 19. Nxc4 b5 20. Ne3 Ne7 21.
Qe2 a6 22. Ng4 Bg7 23. Rad1 Rxd1 24. Rxd1 h5 25. Ne3 Rd8 26. a4 Rxd1+ 27. Qxd1
Kf8 28. axb5 axb5 29. Qb3 Qd7 30. Ng5 Nc8 31. Nd5 Kg8 32. Qa3 f6 33. Nf3 c4 34.
Qc5 Kf7 35. Kg2 Bf8 36. Qe3 1/2-1/2

[Event "LLO18/19"]
[Site "Mecklenburg-Vorpommern"]
[Date "2019.02.24"]
[Round "6.2"]
[White "Eckermann, Klaus"]
[Black "Alder, Bodo"]
[Result "1/2-1/2"]
[WhiteElo "1743"]
[BlackElo "1793"]
[PlyCount "62"]
[EventDate "2018.??.??"]
[EventType "team-tourn"]
[EventRounds "9"]
[EventCountry "GER"]
[WhiteTeam "Ribnitz-Damgarten"]
[BlackTeam "Seehotel Binz"]
[WhiteTeamCountry "GER"]
[BlackTeamCountry "GER"]

1. e4 c5 2. Nf3 a6 3. d4 cxd4 4. Nxd4 d6 5. Bd3 e5 6. Nb3 h6 7. Be3 Be6 8. N1d2
Nf6 9. c4 Nbd7 10. f3 Be7 11. Qe2 Rc8 12. O-O g5 13. Rac1 Nc5 14. Rfd1 Nfd7 15.
Nxc5 Nxc5 16. b4 Nxd3 17. Qxd3 O-O 18. Rc2 Qd7 19. Rdc1 b5 20. cxb5 Rxc2 21.
Rxc2 axb5 22. a3 Qb7 23. Rc3 Rc8 24. Qc2 Rxc3 25. Qxc3 Bd8 26. h3 Kh7 27. Kh2
Kg6 28. g4 Bb6 29. Bxb6 Qxb6 30. Kg2 f6 31. Nf1 Qb7 1/2-1/2

[Event "LLO18/19"]
[Site "Mecklenburg-Vorpommern"]
[Date "2019.02.24"]
[Round "6.3"]
[White "Fechner, Henrik"]
[Black "Floegel, Thomas"]
[Result "1/2-1/2"]
[WhiteElo "1767"]
[BlackElo "1695"]
[PlyCount "25"]
[EventDate "2018.??.??"]
[EventType "team-tourn"]
[EventRounds "9"]
[EventCountry "GER"]
[WhiteTeam "Seehotel Binz"]
[BlackTeam "Ribnitz-Damgarten"]
[WhiteTeamCountry "GER"]
[BlackTeamCountry "GER"]

1. e4 e6 2. d4 d5 3. exd5 exd5 4. Bd3 Nf6 5. Bf4 Bg4 6. f3 Bh5 7. Ne2 Bd6 8.
O-O O-O 9. Bxd6 Qxd6 10. c3 c6 11. Qc2 Nbd7 12. Nd2 Bg6 13. Bxg6 1/2-1/2

[Event "LLO18/19"]
[Site "Mecklenburg-Vorpommern"]
[Date "2019.02.24"]
[Round "6.4"]
[White "Dittschlag, Lothar"]
[Black "Horch, Helmut"]
[Result "0-1"]
[WhiteElo "1630"]
[BlackElo "1760"]
[PlyCount "86"]
[EventDate "2018.??.??"]
[EventType "team-tourn"]
[EventRounds "9"]
[EventCountry "GER"]
[WhiteTeam "Ribnitz-Damgarten"]
[BlackTeam "Seehotel Binz"]
[WhiteTeamCountry "GER"]
[BlackTeamCountry "GER"]

{[%evp 0,53,37,5,41,47,31,31,30,30,8,27,24,-6,19,21,47,47,52,8,-12,-15,-3,-7,
46,-20,33,0,3,-5,-7,-13,42,70,103,88,65,65,117,111,136,23,16,29,70,37,108,120,
141,127,116,52,57,0,-2,0]} 1. e4 e6 2. Nf3 d5 3. exd5 exd5 4. d4 Nf6 5. Bg5 Be7
6. Bd3 O-O 7. O-O Ne4 8. Bxe7 Qxe7 9. Bxe4 dxe4 10. Ne5 f6 11. Nc4 Be6 12. Qe2
Qb4 13. b3 f5 14. c3 Qe7 15. Nbd2 Nd7 16. f3 b5 17. fxe4 fxe4 18. Ne3 c6 19.
Nxe4 Bxb3 20. axb3 Qxe4 21. Qd2 Nf6 22. Rae1 Nd5 23. Nf5 Qg4 24. h3 Qg6 25. Re5
Rae8 26. Qe1 Rxe5 27. Qxe5 Re8 28. Qg3 Qxg3 29. Nxg3 Nxc3 30. Rc1 Re3 31. Nf5
Ne2+ 32. Kf2 Nxc1 33. Kxe3 Nxb3 34. Ne7+ Kf7 35. Nxc6 a5 36. Na7 b4 37. Nc6 Ke6
38. Ke4 Kd6 39. d5 Kc5 40. Ke5 a4 41. Ke6 a3 42. d6 Kxc6 43. d7 Nc5+ 0-1

[Event "LLO18/19"]
[Site "Mecklenburg-Vorpommern"]
[Date "2019.02.24"]
[Round "6.5"]
[White "Oergel, Ullrich"]
[Black "Klugmann, Horst"]
[Result "1/2-1/2"]
[WhiteElo "1738"]
[BlackElo "1631"]
[PlyCount "118"]
[EventDate "2018.??.??"]
[EventType "team-tourn"]
[EventRounds "9"]
[EventCountry "GER"]
[WhiteTeam "Seehotel Binz"]
[BlackTeam "Ribnitz-Damgarten"]
[WhiteTeamCountry "GER"]
[BlackTeamCountry "GER"]

{[%evp 0,65,22,-14,3,-13,-17,-21,-17,-22,-26,-64,16,-7,4,-22,-30,-22,9,-20,-31,
-29,0,-34,-14,-25,-42,-42,-31,-45,7,-84,32,17,113,31,187,194,205,191,179,180,
173,179,211,172,176,157,162,133,147,122,126,69,90,83,91,68,60,49,55,14,67,87,
93,95,78,68]} 1. c4 e6 2. Nc3 d5 3. cxd5 exd5 4. d4 Nf6 5. g3 c6 6. Bg2 Bd6 7.
Nf3 Bf5 8. O-O O-O 9. Qb3 Qb6 10. Qxb6 axb6 11. a3 Ne4 12. Nd1 Nd7 13. Ne3 Be6
14. Nh4 Be7 15. f3 Bxh4 16. fxe4 Bg5 17. exd5 cxd5 18. Nxd5 Bd8 19. Nf4 Bc4 20.
Bxb7 Rb8 21. Bd5 Ba6 22. Rf2 Nf6 23. Bf3 Re8 24. e3 Rc8 25. h3 Bc7 26. Kg2 Ne4
27. Bxe4 Rxe4 28. Ne2 Bb7 29. Kh2 h5 30. Nf4 Bxf4 31. gxf4 Re7 32. Bd2 Rc2 33.
Be1 Rec7 34. b4 Rc1 35. Rxc1 Rxc1 36. Bd2 Ra1 37. Kg3 f6 38. f5 Rg1+ 39. Kh4
Ra1 40. Kxh5 Rxa3 41. Kh4 Ra1 42. Kg3 Rg1+ 43. Kf4 Rh1 44. e4 Rxh3 45. d5 Kf7
46. Rf3 Rh2 47. Be3 Rh4+ 48. Kg3 Rxe4 49. Bxb6 Bxd5 50. Bc5 Rxb4 51. Rf2 Rb3+
52. Kh4 Rc3 53. Bd6 Rd3 54. Bc5 Rc3 55. Bd6 Rd3 56. Bf4 Be4 57. Kg4 Rf3 58.
Rxf3 Bxf3+ 59. Kxf3 g6 1/2-1/2

[Event "LLO18/19"]
[Site "Mecklenburg-Vorpommern"]
[Date "2019.02.24"]
[Round "6.6"]
[White "Wehrmann, Horst"]
[Black "Ilanz, Kazimierz"]
[Result "1-0"]
[WhiteElo "1620"]
[BlackElo "1570"]
[PlyCount "111"]
[EventDate "2018.??.??"]
[EventType "team-tourn"]
[EventRounds "9"]
[EventCountry "GER"]
[WhiteTeam "Ribnitz-Damgarten"]
[BlackTeam "Seehotel Binz"]
[WhiteTeamCountry "GER"]
[BlackTeamCountry "GER"]

1. d4 d5 2. c4 e6 3. Nc3 Nf6 4. Qc2 c6 5. e3 Nbd7 6. Nf3 Be7 7. Bd3 h6 8. O-O
O-O 9. h3 Qc7 10. a3 e5 11. cxd5 cxd5 12. dxe5 Nxe5 13. Nxe5 Qxe5 14. f4 Qd6
15. Nb5 Qc6 16. Qxc6 bxc6 17. Nd4 Bd7 18. Bd2 c5 19. Nf3 c4 20. Bc2 Bc5 21. Kf2
Rfe8 22. Ne5 Bb5 23. Bc3 Rad8 24. a4 Ba6 25. Rfe1 Bb7 26. Bd4 Bxd4 27. exd4 Rd6
28. Re3 Nh5 29. Nxc4 Rde6 30. Rxe6 Rxe6 31. f5 Rc6 32. Ne3 Rb6 33. b3 Rb4 34.
Rd1 Nf6 35. Ng4 Ne4+ 36. Ke3 f6 37. Nf2 Rb6 38. Nxe4 dxe4 39. d5 Rd6 40. Bxe4
Kf7 41. Kd4 Ke7 42. Kc5 Kd7 43. Rd4 Ra6 44. Bd3 Rd6 45. Bc4 Kc7 46. Re4 Rd7 47.
Re6 Kd8 48. Rd6 Kc7 49. Rxd7+ Kxd7 50. g3 Kc7 51. b4 Bc8 52. d6+ Kd8 53. g4 Bd7
54. Bb5 Bc8 55. Bc6 h5 56. b5 1-0

[Event "LLO18/19"]
[Site "Mecklenburg-Vorpommern"]
[Date "2019.02.24"]
[Round "6.7"]
[White "Breitenfeldt, Ulrich"]
[Black "Zierke, Udo"]
[Result "0-1"]
[WhiteElo "1422"]
[BlackElo "1624"]
[PlyCount "46"]
[EventDate "2018.??.??"]
[EventType "team-tourn"]
[EventRounds "9"]
[EventCountry "GER"]
[WhiteTeam "Seehotel Binz"]
[BlackTeam "Ribnitz-Damgarten"]
[WhiteTeamCountry "GER"]
[BlackTeamCountry "GER"]

1. d4 d5 2. c4 e6 3. Nf3 Nf6 4. Nc3 dxc4 5. Qc2 Be7 6. e4 O-O 7. Bxc4 c5 8. Be3
cxd4 9. Bxd4 Nc6 10. Rd1 Nxd4 11. Rxd4 Qc7 12. Bb3 Bc5 13. Rd3 b6 14. Rd2 Bb7
15. O-O Qf4 16. Re1 Rfd8 17. Bc4 Rac8 18. Bd3 g6 19. a3 Ng4 20. h3 Ne5 21. Nxe5
Qxe5 22. Kh1 Qf4 23. Qb1 Qxd2 0-1

[Event "LLO18/19"]
[Site "Mecklenburg-Vorpommern"]
[Date "2019.02.24"]
[Round "6.8"]
[White "Ochei, Victor"]
[Black "Koesterke, Klaus"]
[Result "1-0"]
[WhiteElo "1377"]
[BlackElo "1476"]
[PlyCount "67"]
[EventDate "2018.??.??"]
[EventType "team-tourn"]
[EventRounds "9"]
[EventCountry "GER"]
[WhiteTeam "Ribnitz-Damgarten"]
[BlackTeam "Seehotel Binz"]
[WhiteTeamCountry "GER"]
[BlackTeamCountry "GER"]

1. d4 Nf6 2. c4 e6 3. a3 d5 4. e3 Be7 5. Nf3 h6 6. Nc3 c6 7. c5 Nbd7 8. b4 a6
9. Bd3 O-O 10. O-O Re8 11. e4 dxe4 12. Nxe4 Nxe4 13. Bxe4 Nf6 14. Bc2 Qd5 15.
Re1 Qd8 16. Qd3 Bf8 17. Bf4 g6 18. Ne5 Qe7 19. Nf3 Nd7 20. Re2 Qf6 21. Be5 Nxe5
22. Nxe5 Qg7 23. Re3 Be7 24. f4 Bf6 25. Rf1 Bxe5 26. fxe5 Bd7 27. Ref3 Rf8 28.
Rf6 a5 29. Qg3 Kh8 30. bxa5 Rxa5 31. Bxg6 Raa8 32. Rxf7 Rxf7 33. Rxf7 Qg8 34.
Rxd7 1-0

[Event "LLO18/19"]
[Site "Mecklenburg-Vorpommern"]
[Date "2019.02.24"]
[Round "6.1"]
[White "Schulz, Daniel"]
[Black "Burwitz, Joerg"]
[Result "1/2-1/2"]
[WhiteElo "1910"]
[BlackElo "1727"]
[PlyCount "52"]
[EventDate "2018.??.??"]
[EventType "team-tourn"]
[EventRounds "9"]
[EventCountry "GER"]
[WhiteTeam "SG Neubrandenburg"]
[BlackTeam "RUGIA Bergen"]
[WhiteTeamCountry "GER"]
[BlackTeamCountry "GER"]

1. e4 c6 2. d4 d5 3. exd5 cxd5 4. Bd3 Nf6 5. c3 Nc6 6. Bf4 g6 7. Nf3 Bg4 8. h3
Bxf3 9. Qxf3 Bg7 10. Nd2 O-O 11. O-O Qd7 12. Nb3 b6 13. Rae1 Na5 14. Nxa5 bxa5
15. Qe2 e6 16. Rb1 Qb7 17. Rfc1 Qb6 18. Ba6 Ne4 19. Bd3 Nd6 20. h4 Rac8 21. h5
Rfe8 22. h6 Bf8 23. b3 Nf5 24. Bxf5 exf5 25. Qf3 Re4 26. Be3 Qf6 1/2-1/2

[Event "LLO18/19"]
[Site "Mecklenburg-Vorpommern"]
[Date "2019.02.24"]
[Round "6.2"]
[White "Pawlick, Helmut"]
[Black "Stoevesand, Peter"]
[Result "0-1"]
[WhiteElo "1834"]
[BlackElo "1937"]
[PlyCount "128"]
[EventDate "2018.??.??"]
[EventType "team-tourn"]
[EventRounds "9"]
[EventCountry "GER"]
[WhiteTeam "RUGIA Bergen"]
[BlackTeam "SG Neubrandenburg"]
[WhiteTeamCountry "GER"]
[BlackTeamCountry "GER"]

{[%evp 0,128,19,28,25,33,17,28,24,-5,-23,-33,-31,-28,-67,-40,27,18,31,-2,43,43,
40,-2,55,5,-15,-93,19,17,53,63,72,97,92,95,153,154,140,95,95,92,106,86,86,38,
23,33,37,30,23,18,15,-24,-33,-22,-29,-31,27,32,40,29,22,21,22,29,57,-52,-25,
-10,-29,-19,-21,-20,-12,-18,-18,-10,0,0,0,-7,-3,-3,0,-17,-8,0,-9,0,-8,0,0,-11,
-10,-48,-43,-26,-49,-21,-7,-190,-145,-145,-147,-144,-144,-110,-110,-196,-199,
-236,-229,-236,-262,-275,-215,-354,-370,-366,-366,-366,-370,-370,-382,-395,-99,
-178,-161,-1022,-1002]} 1. e4 e5 2. Nf3 Nc6 3. Bc4 Bc5 4. b4 Bxb4 5. c3 Ba5 6.
d4 exd4 7. O-O Bb6 8. cxd4 d6 9. d5 Ne5 10. Nxe5 dxe5 11. Bb2 f6 12. Kh1 Nh6
13. d6 Bg4 14. f3 Bh5 15. dxc7 Qxd1 16. Rxd1 a6 17. Bd5 Bxc7 18. Bxb7 Rd8 19.
Bc6+ Ke7 20. Nc3 Bf7 21. Bd5 Bd6 22. Rac1 Rb8 23. Bxf7 Nxf7 24. Nd5+ Ke6 25.
Rc2 Rhc8 26. Rdc1 Rxc2 27. Rxc2 f5 28. h4 f4 29. Kg1 h5 30. Kf2 g5 31. hxg5
Nxg5 32. Bc1 h4 33. a4 Rb3 34. Rc3 Rxc3 35. Nxc3 Bc5+ 36. Ke2 Kd6 37. Nd5 h3
38. gxh3 Nxh3 39. Kf1 Ng1 40. Kg2 Ne2 41. Bd2 Nd4 42. Ba5 Nb3 43. Bc7+ Ke6 44.
Bb8 Bd6 45. Ba7 Nc5 46. a5 Kd7 47. Nb6+ Kc6 48. Nc4 Bc7 49. Kf2 Kb5 50. Bb6 $4
(50. Na3+ $11 Kc6 (50... Kb4 51. Nc2+ Kb5 52. Na3+) 51. Nc4 Nb3 52. Bb6) 50...
Bxb6 51. Nxb6 Kxa5 52. Nc4+ Kb4 53. Nxe5 a5 54. Nc6+ Kb5 55. Nd4+ Kc4 56. Nc2
Kc3 57. Na3 Nd3+ 58. Ke2 Ne5 59. Nb5+ Kb4 60. Nd4 a4 61. Kd2 Kc4 62. Ne2 Kb3 $2
63. Kc1 $11 Nxf3 64. Nxf4 (64. e5 $3 $11 a3 65. Kb1 a2+ 66. Ka1 Ne1 67. Nd4+
Kc3 68. Ne2+ Kc4 69. Kxa2 f3 70. Ng3 $11) 64... a3 (64... a3 65. Kb1 a2+ 66.
Ka1 Nd4) 0-1

[Event "LLO18/19"]
[Site "Mecklenburg-Vorpommern"]
[Date "2019.02.24"]
[Round "6.3"]
[White "Rossmann, Andreas"]
[Black "Tabbert, Dirk"]
[Result "1/2-1/2"]
[WhiteElo "1920"]
[BlackElo "1649"]
[PlyCount "42"]
[EventDate "2018.??.??"]
[EventType "team-tourn"]
[EventRounds "9"]
[EventCountry "GER"]
[WhiteTeam "SG Neubrandenburg"]
[BlackTeam "RUGIA Bergen"]
[WhiteTeamCountry "GER"]
[BlackTeamCountry "GER"]

1. d4 f5 2. b3 Nf6 3. Bb2 e6 4. Nd2 Be7 5. g3 d5 6. Bg2 O-O 7. Ngf3 Nbd7 8. Ne5
Nxe5 9. dxe5 Ne4 10. O-O Bc5 11. e3 Bd7 12. c4 c6 13. a3 a5 14. Qc2 Nxd2 15.
Qxd2 dxc4 16. bxc4 Qe7 17. Rfd1 Rfd8 18. Qc2 Be8 19. Qb3 Bh5 20. Rxd8+ Rxd8 21.
Bc3 Qc7 1/2-1/2